000 00917nam a2200277 a 4500
001 BRCA_4412
005 20190320204649.0
008 170810s1977----mx-#######---#000-0#spa-#
041 _aspa
044 _amx
050 4 _aD16.7
_b.J35 1977
100 1 _aJaldúm, Ibn
_d1332-1406
_911205
245 1 0 _aIntroducción a la historia universal
_b(Al-Muqaddimah)
_cIbn Jaldún ; estudio preliminar, revisión y apéndices de Elías Trabulse ; traducción de Juan Feres.
260 _aMéxico
_bFCE
_c1977
300 _a1165 p.
_c24 cm.
440 0 _aSección de obras de historia
_911206
500 _aTraducción de: Al-Muqaddimah
500 _aColección Sonia Corcuera de Mancera
504 _aBibliografía: p. 1129-1148
650 1 4 _aCivilización
_91003
650 1 4 _aFilosofía
_xHistoria
_911207
700 1 _aTrabulse, Elías
_9546
700 1 _aFeres, Juan
_etr.
_911208
902 _aDSC
942 _2lcc
_cB
999 _c4121
_d4121